Arte de escribir por reglas y con muestras, según la doctrina de los mejores autores antiguos y modernos, extrangeros y nacionales (Record no. 7158)

MARC details
000 -CABECERA
campo de control de longitud fija 00992nam a2200253 a 4500
001 - NÚMERO DE CONTROL
campo de control BRCA_7483
005 - FECHA Y HORA DE LA ÚLTIMA TRANSACCIÓN
campo de control 20190320205843.0
008 - DATOS DE LONGITUD FIJA--INFORMACIÓN GENERAL
campo de control de longitud fija 250413s1798----sp-ac#####---#000-0#spa-#
041 ## - CÓDIGO DE LENGUA
Código de lengua del texto/banda sonora o título independiente spa
044 ## - CÓDIGO DEL PAÍS DE LA ENTIDAD EDITORA/PRODUCTORA
Código MARC del país sp
050 #4 - SIGNATURA TOPOGRÁFICA DE LA BIBLIOTECA DEL CONGRESO
Número de clasificación NK3615
Número de documento/Ítem .T67 1798
100 1# - ENTRADA PRINCIPAL--NOMBRE DE PERSONA
Nombre de persona Torío de la Riva y Herrero, Torquato
Fechas asociadas al nombre 1759-1820
9 (RLIN) 18422
245 10 - MENCIÓN DE TÍTULO
Título Arte de escribir por reglas y con muestras, según la doctrina de los mejores autores antiguos y modernos, extrangeros y nacionales
Resto del título acompañado de unos principios de aritmética, gramática y ortografía castellana, urbanidad, etc.
Mención de responsabilidad, etc. compuesto por Don Torquato Torío de la Riva y Herrero.
260 ## - PUBLICACIÓN, DISTRIBUCIÓN, ETC.
Lugar de publicación, distribución, etc. Madrid
Nombre del editor, distribuidor, etc. Imp. de la Vda. de J. Ibarra
Fecha de publicación, distribución, etc. 1798
300 ## - DESCRIPCIÓN FÍSICA
Extensión xxviii, 418 p.
Otras características físicas il.
Dimensiones 29 cm.
500 ## - NOTA GENERAL
Nota general Incluye índice alfabético, fe de erratas y notas aclaratorias
500 ## - NOTA GENERAL
Nota general R11
650 14 - PUNTO DE ACCESO ADICIONAL DE MATERIA--TÉRMINO DE MATERIA
Término de materia o nombre geográfico como elemento de entrada Caligrafía
9 (RLIN) 5469
650 14 - PUNTO DE ACCESO ADICIONAL DE MATERIA--TÉRMINO DE MATERIA
Término de materia o nombre geográfico como elemento de entrada Ortografía
9 (RLIN) 18423
650 14 - PUNTO DE ACCESO ADICIONAL DE MATERIA--TÉRMINO DE MATERIA
Término de materia o nombre geográfico como elemento de entrada Gramática
9 (RLIN) 18424
650 14 - PUNTO DE ACCESO ADICIONAL DE MATERIA--TÉRMINO DE MATERIA
Término de materia o nombre geográfico como elemento de entrada Aritmética
9 (RLIN) 15858
902 ## - CATALOGADOR
Iniciales GFM
942 ## - ELEMENTOS DE PUNTO DE ACCESO ADICIONAL (KOHA)
Fuente del sistema de clasificación o colocación Library of Congress Classification
Tipo de ítem Koha Libros
Holdings
Estado de retiro Estado de pérdida Estado dañado No para préstamo Localización permanente Ubicación/localización actual Fecha de adquisición Número de inventario Total de préstamos Signatura topográfica completa Código de barras Fecha visto por última vez Precio válido a partir de Tipo de ítem Koha
El ejemplar forma parte de la colección y puede ser consultado según las políticas vigentes.       Biblioteca del Museo Franz Mayer (Rogerio Casas-Alatriste) Biblioteca del Museo Franz Mayer (Rogerio Casas-Alatriste) 25/04/2013 R11   NK3615 .T67 1798 (R11) 8087 22/03/2019 22/03/2019 Libros